[Event "Manitoba-ch"]
[Site "Winnipeg"]
[Date "2015.06.14"]
[Round "3"]
[White "Gentes, Kevin"]
[Black "Li, Kevin"]
[Result "1-0"]
[WhiteElo "2326"]
[BlackElo "2290"]
[PlyCount "54"]
[EventDate "2015.03.01"]
[EventType "k.o."]
[EventRounds "3"]
[EventCountry "CAN"]
[SourceTitle "EXT 2019"]
[Source "ChessBase"]
[SourceDate "2018.10.10"]
[SourceVersion "1"]
[SourceVersionDate "2018.10.10"]
[SourceQuality "1"]

1. Nf3 Nf6 2. d4 e6 3. c4 b6 4. g3 Bb7 5. Bg2 Bb4+ 6. Bd2 Qe7 7. 0-0 0-0 8. Bf4 Bd6 9. Bxd6 cxd6 10. Nc3 Rc8 11. Re1 d5 12. cxd5 Nxd5 13. Nxd5 Bxd5 14. e4 Bb7 15. Qd2 Na6 16. a3 d5 17. e5 Rc7 18. Bf1 Rac8 19. Bd3 Nb8 20. Be2 Bc6 21. Rac1 Ba4 22. Qe3 Bc2 23. Bf1 Be4 24. Ng5 Bf5 25. h4 h6 26. Nh3 Bxh3 27. Bxh3 Re8 1-0

[Event "Manitoba-ch"]
[Site "Winnipeg"]
[Date "2015.04.02"]
[Round "2"]
[White "Li, Kevin"]
[Black "Zaczek, Jonathon"]
[Result "1-0"]
[WhiteElo "2280"]
[BlackElo "2291"]
[PlyCount "107"]
[EventDate "2015.03.01"]
[EventType "k.o."]
[EventRounds "3"]
[EventCountry "CAN"]
[SourceTitle "EXT 2019"]
[Source "ChessBase"]
[SourceDate "2018.10.10"]
[SourceVersion "1"]
[SourceVersionDate "2018.10.10"]
[SourceQuality "1"]

1. Nf3 Nf6 2. b3 g6 3. Bb2 Bg7 4. g3 0-0 5. Bg2 c5 6. 0-0 Nc6 7. c4 d6 8. Nc3 Bd7 9. d4 cxd4 10. Nxd4 Rb8 11. Rc1 a6 12. Nxc6 bxc6 13. c5 d5 14. Nxd5 Nxd5 15. Bxg7 Ne3 16. fxe3 Kxg7 17. Qd4+ e5 18. Qxe5+ f6 19. Qd6 Qe8 20. Kf2 Rc8 21. Rfd1 Be6 22. Rd4 Rf7 23. Re4 Re7 24. Rd1 Qf7 25. Rd3 Rcc7 26. Red4 Rc8 27. Bxc6 Rec7 28. Bd7 Bxd7 29. Qxd7 Rxc5 30. Qxf7+ Kxf7 31. Rd7+ Ke8 32. e4 Rc2 33. Rxh7 R8c6 34. a4 Rb2 35. Rb7 Rcc2 36. Re3 Rc5 37. e5 fxe5 38. h4 g5 39. hxg5 Kf8 40. g6 Kg8 41. Rd3 Rc8 42. Rd6 a5 43. g7 Kh7 44. Rd5 Re8 45. Rxa5 Rb1 46. Raa7 Rh1 47. Rf7 Kg8 48. a5 e4 49. Rfe7 e3+ 50. Kxe3 Rb8 51. Rab7 Ra8 52. a6 Rc1 53. a7 Rcc8 54. b4 1-0

[Event "CAN-ch U18"]
[Site "Montreal"]
[Date "2014.07.18"]
[Round "7"]
[White "Li, Kevin"]
[Black "Dukic, Zachary"]
[Result "1-0"]
[WhiteElo "2285"]
[BlackElo "2170"]
[PlyCount "79"]
[EventDate "2014.07.15"]
[EventType "swiss"]
[EventRounds "7"]
[EventCountry "CAN"]
[SourceTitle "EXT 2022"]
[Source "ChessBase"]
[SourceDate "2021.10.06"]
[SourceVersion "1"]
[SourceVersionDate "2021.10.06"]
[SourceQuality "1"]

1. e4 e6 2. d4 d5 3. Nd2 a6 4. Ngf3 c5 5. dxc5 Bxc5 6. Bd3 Nc6 7. a3 Nf6 8. 0-0 0-0 9. b4 Be7 10. Bb2 Qc7 11. Re1 dxe4 12. Nxe4 Nxe4 13. Bxe4 Rd8 14. Qe2 Bf6 15. c4 Ne7 16. Ne5 Ng6 17. Nxg6 hxg6 18. Bxf6 gxf6 19. Rad1 f5 20. Rxd8+ Qxd8 21. Bf3 Qc7 22. Qe5 Qxe5 23. Rxe5 Rb8 24. Rc5 Kg7 25. Rc7 b6 26. h4 Kf6 27. h5 e5 28. Bd5 gxh5 29. Rxf7+ Kg6 30. Rf8 Kg7 31. Re8 Kf6 32. Be6 Bxe6 33. Rxb8 Bxc4 34. Rxb6+ Kg5 35. a4 f4 36. a5 h4 37. b5 h3 38. bxa6 hxg2 39. a7 Bd5 40. Rb5 1-0

[Event "CAN-ch U18"]
[Site "Montreal"]
[Date "2014.07.17"]
[Round "5"]
[White "D Souza, Justin Quinn"]
[Black "Li, Kevin"]
[Result "0-1"]
[WhiteElo "1535"]
[BlackElo "2285"]
[PlyCount "90"]
[EventDate "2014.07.15"]
[EventType "swiss"]
[EventRounds "7"]
[EventCountry "CAN"]
[SourceTitle "EXT 2022"]
[Source "ChessBase"]
[SourceDate "2021.10.06"]
[SourceVersion "1"]
[SourceVersionDate "2021.10.06"]
[SourceQuality "1"]

1. c4 Nf6 2. Nc3 g6 3. e4 d6 4. Nge2 Bg7 5. g3 0-0 6. Bg2 c5 7. 0-0 Nc6 8. d3 Ne8 9. Be3 Nc7 10. d4 cxd4 11. Nxd4 Ne6 12. Nce2 Ne5 13. Rc1 Ng4 14. Nxe6 Nxe3 15. Nxd8 Nxd1 16. Rfxd1 Rxd8 17. Nc3 Bd7 18. b3 Rab8 19. Nd5 Kf8 20. c5 dxc5 21. Rxc5 e6 22. Ne3 Be8 23. Rxd8 Rxd8 24. e5 b6 25. Rc7 Bxe5 26. Rxa7 Bd4 27. Bf3 Rc8 28. Rb7 Rc3 29. Kg2 b5 30. a4 Rxb3 31. axb5 Rxb5 32. Rxb5 Bxb5 33. Nc2 Bc5 34. g4 Ke7 35. Bb7 Kf6 36. f4 g5 37. Kf3 gxf4 38. Kxf4 Bd6+ 39. Kf3 Bxh2 40. Nd4 Bc4 41. Kf2 Bf4 42. Be4 Ke5 43. Kf3 Kxd4 44. Kxf4 e5+ 45. Kf5 Be6+ 0-1

[Event "MCA Champions"]
[Site "Winnipeg"]
[Date "2013.11.12"]
[Round "2"]
[White "Li, Kevin"]
[Black "Babb, Jeff"]
[Result "1-0"]
[WhiteElo "2107"]
[BlackElo "2149"]
[PlyCount "105"]
[EventDate "2013.11.05"]
[EventType "swiss"]
[EventRounds "6"]
[EventCountry "CAN"]
[SourceTitle "EXT 2019"]
[Source "ChessBase"]
[SourceDate "2018.10.10"]
[SourceVersion "1"]
[SourceVersionDate "2018.10.10"]
[SourceQuality "1"]

1. e4 d5 2. exd5 Qxd5 3. Nf3 Nf6 4. Nc3 Qd6 5. Be2 c6 6. h3 e5 7. d4 exd4 8. Nxd4 Be7 9. Be3 0-0 10. 0-0 Rd8 11. Qe1 Qc7 12. Rd1 a6 13. Bf3 c5 14. Bf4 Bd6 15. Ndb5 axb5 16. Rxd6 Rxd6 17. Nxb5 Qb6 18. Nxd6 Be6 19. b3 Rxa2 20. Nxb7 Nc6 21. Bxc6 Qxc6 22. Nd8 Qe4 23. Qxe4 Nxe4 24. Nxe6 fxe6 25. Rc1 Nc3 26. Kf1 Nd5 27. Bd2 Kf7 28. Ke2 Ke7 29. Kd3 Kd6 30. g4 Ra7 31. c4 Ne7 32. Be3 Nc6 33. Ke4 Ra3 34. Rd1+ Kc7 35. Rd3 Nb4 36. Bxc5 Nxd3 37. Bxa3 Nxf2+ 38. Kf3 Nxh3 39. Bc1 g5 40. Be3 e5 41. Ke4 Kd6 42. c5+ Ke6 43. b4 Nf4 44. b5 Nd5 45. b6 Nf6+ 46. Kd3 Kd5 47. Bxg5 Nd7 48. Be7 Kc6 49. Ke4 Nb8 50. Kxe5 Nd7+ 51. Ke6 Nb8 52. Bd6 Nd7 53. g5 1-0

[Event "Manitoba-ch"]
[Site "Winnipeg"]
[Date "2013.08.13"]
[Round "2"]
[White "Babb, Jeff"]
[Black "Li, Kevin"]
[Result "1/2-1/2"]
[WhiteElo "2164"]
[BlackElo "2224"]
[PlyCount "83"]
[EventDate "2013.05.04"]
[EventType "k.o."]
[EventRounds "3"]
[EventCountry "CAN"]
[SourceTitle "EXT 2019"]
[Source "ChessBase"]
[SourceDate "2018.10.10"]
[SourceVersion "1"]
[SourceVersionDate "2018.10.10"]
[SourceQuality "1"]

1. e4 c5 2. Nc3 Nc6 3. g3 g6 4. Bg2 Bg7 5. d3 d6 6. f4 Nf6 7. Nf3 Bg4 8. h3 Bxf3 9. Qxf3 Nd4 10. Qf2 e6 11. 0-0 Nd7 12. Nd1 0-0 13. c3 Nc6 14. Ne3 Rc8 15. g4 b5 16. Bd2 Nb6 17. f5 Bf6 18. g5 Bxg5 19. f6 Nd7 20. Ng4 Bxd2 21. Qxd2 Kh8 22. Rf2 Nce5 23. Raf1 Nxg4 24. hxg4 Ne5 25. Bh3 g5 26. d4 cxd4 27. cxd4 Nc4 28. Qxg5 Rg8 29. Qh4 Rg6 30. b3 Ne3 31. Re1 Nxg4 32. Bxg4 Qg8 33. Rg2 Rc2 34. Rxc2 Rxg4+ 35. Qxg4 Qxg4+ 36. Rg2 Qf3 37. e5 Qf4 38. Rd1 Qe3+ 39. Rf2 dxe5 40. dxe5 h5 41. Rd8+ Kh7 42. Rf8 1/2-1/2

[Event "Manitoba-ch"]
[Site "Winnipeg"]
[Date "2013.05.04"]
[Round "1"]
[White "Kaptsan, Aron"]
[Black "Li, Kevin"]
[Result "1/2-1/2"]
[WhiteElo "2040"]
[BlackElo "2224"]
[PlyCount "69"]
[EventDate "2013.05.04"]
[EventType "k.o."]
[EventRounds "3"]
[EventCountry "CAN"]
[SourceTitle "EXT 2019"]
[Source "ChessBase"]
[SourceDate "2018.10.10"]
[SourceVersion "1"]
[SourceVersionDate "2018.10.10"]
[SourceQuality "1"]

1. d4 f5 2. c4 Nf6 3. Nc3 e6 4. Bg5 Be7 5. e3 d5 6. Nf3 c6 7. Bd3 0-0 8. 0-0 h6 9. Bxf6 Rxf6 10. Qc2 Bd7 11. Ne5 Bd6 12. f4 Bxe5 13. fxe5 Rf7 14. a3 Be8 15. Rac1 Re7 16. b4 a6 17. Qf2 Nd7 18. Qf4 g5 19. Qf2 h5 20. h4 Rg7 21. hxg5 Qxg5 22. Ne2 Nf8 23. Nf4 Rd8 24. cxd5 cxd5 25. Nh3 Qg4 26. Nf4 Qg5 27. Rc2 Ba4 28. Rc3 Re8 29. Rfc1 Ng6 30. b5 Bxb5 31. Bxb5 axb5 32. Rc8 Rge7 33. R1c7 Rxc8 34. Rxc8+ Kh7 35. Rc5 1/2-1/2

[Event "Manitoba-ch U20"]
[Site "Winnipeg"]
[Date "2012.11.04"]
[Round "4.5"]
[White "Li, Kevin"]
[Black "Wasserman, Leor"]
[Result "1/2-1/2"]
[WhiteElo "2227"]
[BlackElo "1970"]
[PlyCount "69"]
[EventDate "2012.11.05"]
[EventType "tourn"]
[EventRounds "5"]
[EventCountry "CAN"]
[SourceTitle "EXT 2022"]
[Source "ChessBase"]
[SourceDate "2021.10.06"]
[SourceVersion "1"]
[SourceVersionDate "2021.10.06"]
[SourceQuality "1"]

1. e4 c5 2. Nf3 d6 3. d4 cxd4 4. Nxd4 Nf6 5. Nc3 a6 6. Be2 e6 7. 0-0 Be7 8. a4 0-0 9. Be3 Bd7 10. f4 Nc6 11. Nb3 a5 12. Bf3 Qb8 13. Qe2 Nb4 14. Rfd1 Bc6 15. Qf2 Nd7 16. Rd2 b6 17. Nd4 Nc5 18. Nxc6 Nxc6 19. Nb5 Rd8 20. b3 Na7 21. Nd4 Qc7 22. Rad1 Rac8 23. f5 Bf6 24. Qg3 Bxd4 25. Rxd4 e5 26. R4d2 f6 27. Qh4 Nc6 28. Bxc5 dxc5 29. Be2 Rxd2 30. Rxd2 Rd8 31. Bc4+ Kh8 32. Qe1 Rd6 33. Bd5 Nb4 34. Qd1 Qd8 35. c4 1/2-1/2

[Event "Winnipeg Boxer Memorial"]
[Site "Winnipeg"]
[Date "2012.10.21"]
[Round "5"]
[White "Gentes, Kevin"]
[Black "Li, Kevin"]
[Result "1-0"]
[WhiteElo "2253"]
[BlackElo "2220"]
[PlyCount "65"]
[EventDate "2012.10.20"]
[EventType "swiss"]
[EventRounds "5"]
[EventCountry "CAN"]
[SourceTitle "EXT 2022"]
[Source "ChessBase"]
[SourceDate "2021.10.06"]
[SourceVersion "1"]
[SourceVersionDate "2021.10.06"]
[SourceQuality "1"]

1. d4 f5 2. g3 Nf6 3. Bg2 g6 4. c4 Bg7 5. Nf3 d6 6. b4 c5 7. Bb2 cxd4 8. Bxd4 Nc6 9. Bc3 Qb6 10. 0-0 Nxb4 11. Qa4+ Nc6 12. Na3 0-0 13. Rab1 Qd8 14. Nd2 Qd7 15. Qb3 Kh8 16. Rfd1 Qe8 17. Nb5 Rb8 18. Qb2 Qf7 19. Bxc6 bxc6 20. Nxd6 exd6 21. Qxb8 Ne4 22. Bxg7+ Kxg7 23. Qb2+ Kg8 24. f3 Ng5 25. Qd4 Qe7 26. f4 Nh3+ 27. Kf1 g5 28. Nf3 gxf4 29. Qxd6 Qe4 30. Rb2 Ba6 31. Rb8 Bc8 32. Qh6 Re8 33. Rd2 1-0

[Event "Winnipeg Boxer Memorial"]
[Site "Winnipeg"]
[Date "2012.10.20"]
[Round "3"]
[White "Li, Kevin"]
[Black "Moncal, Nilo"]
[Result "1/2-1/2"]
[WhiteElo "2220"]
[BlackElo "2105"]
[PlyCount "99"]
[EventDate "2012.10.20"]
[EventType "swiss"]
[EventRounds "5"]
[EventCountry "CAN"]
[SourceTitle "EXT 2022"]
[Source "ChessBase"]
[SourceDate "2021.10.06"]
[SourceVersion "1"]
[SourceVersionDate "2021.10.06"]
[SourceQuality "1"]

1. e4 e6 2. d4 d5 3. e5 c5 4. c3 Nc6 5. Nf3 Qb6 6. a3 Nge7 7. b4 cxd4 8. cxd4 Nf5 9. Bb2 Be7 10. Bd3 g6 11. Qd2 Bd7 12. Be2 h6 13. h4 0-0-0 14. g4 Ng7 15. Nc3 Rdf8 16. Rc1 Kb8 17. Na4 Qd8 18. Nc5 Bxc5 19. dxc5 Ne8 20. b5 Ne7 21. Qb4 Ka8 22. Nd4 Bc8 23. b6 Bd7 24. Qa5 Qb8 25. a4 Nc6 26. Nxc6 Bxc6 27. Bd4 Ng7 28. bxa7 Qxa7 29. Qb4 h5 30. f3 g5 31. a5 hxg4 32. fxg4 Rxh4 33. Rf1 Ne8 34. a6 Nc7 35. axb7+ Qxb7 36. Qa5+ Kb8 37. Kd2 Kc8 38. Rb1 Qa8 39. Qb6 Rh2 40. Ke1 Qa2 41. Rb2 Qa1+ 42. Bd1 Rxb2 43. Bxb2 Qa6 44. Bc1 Qxb6 45. cxb6 Na8 46. Bxg5 Nxb6 47. Be7 Rg8 48. Rxf7 Be8 49. Rf8 Rxf8 50. Bxf8 1/2-1/2

[Event "Winnipeg Boxer Memorial"]
[Site "Winnipeg"]
[Date "2012.10.20"]
[Round "2"]
[White "Melamedoff, Gustavo"]
[Black "Li, Kevin"]
[Result "0-1"]
[WhiteElo "2097"]
[BlackElo "2220"]
[PlyCount "126"]
[EventDate "2012.10.20"]
[EventType "swiss"]
[EventRounds "5"]
[EventCountry "CAN"]
[SourceTitle "EXT 2022"]
[Source "ChessBase"]
[SourceDate "2021.10.06"]
[SourceVersion "1"]
[SourceVersionDate "2021.10.06"]
[SourceQuality "1"]

1. e4 c5 2. Nf3 g6 3. c3 Bg7 4. d4 cxd4 5. cxd4 d6 6. Bb5+ Bd7 7. Bxd7+ Qxd7 8. 0-0 Nc6 9. Nc3 Nf6 10. h3 0-0 11. Qe2 Rac8 12. Rd1 d5 13. e5 Ne8 14. Ng5 Nc7 15. f4 b5 16. Qf2 h6 17. Nf3 Rb8 18. Be3 b4 19. Ne2 Rfc8 20. Nh4 e6 21. g4 Ne7 22. Ng3 f5 23. gxf5 exf5 24. Nf3 Ne6 25. h4 Rf8 26. Kh1 g5 27. hxg5 hxg5 28. Nh5 g4 29. Nxg7 Kxg7 30. Nh4 Rh8 31. Kg2 Kf7 32. Rh1 Ng7 33. Qd2 Rhc8 34. Rac1 Qb5 35. Rc5 Rxc5 36. dxc5 Qc4 37. Rc1 Qe4+ 38. Kg1 Rh8 39. Ng2 g3 40. Qc2 Qf3 41. Qd1 Qe4 42. Qc2 Ne6 43. Qxe4 fxe4 44. Rd1 d4 45. Bd2 Nxc5 46. Bxb4 Nd3 47. Be1 Nf5 48. b4 Rh2 49. Bxg3 Rxg2+ 50. Kxg2 Ne3+ 51. Kh3 Nxd1 52. f5 N1f2+ 53. Kg2 Ng4 54. e6+ Ke8 55. Kh3 Ndf2+ 56. Kg2 e3 57. Kf3 d3 58. f6 d2 59. f7+ Ke7 60. Bd6+ Kxe6 61. f8Q d1Q+ 62. Kg2 Qd5+ 63. Kf1 Qh1+ 0-1

[Event "CAN-ch op 49th"]
[Site "Victoria"]
[Date "2012.07.12"]
[Round "8"]
[White "Calugar, Arthur"]
[Black "Li, Kevin"]
[Result "1/2-1/2"]
[WhiteElo "2273"]
[BlackElo "2097"]
[PlyCount "83"]
[EventDate "2012.07.08"]
[EventType "swiss"]
[EventRounds "9"]
[EventCountry "CAN"]
[SourceTitle "CBM 149 Extra"]
[Source "ChessBase"]
[SourceDate "2012.08.24"]
[SourceVersion "1"]
[SourceVersionDate "2012.08.24"]
[SourceQuality "1"]

1. b3 e5 2. Bb2 Nc6 3. e3 d5 4. Bb5 Bd6 5. Nf3 Bg4 6. h3 Bxf3 7. Qxf3 Nf6 8. c4 0-0 9. Bxc6 bxc6 10. c5 Bxc5 11. Bxe5 Nd7 12. Bb2 Bd6 13. 0-0 Qe7 14. Nc3 f5 15. Ne2 Ne5 16. Bxe5 Qxe5 17. g3 c5 18. d4 cxd4 19. Nxd4 c5 20. Nc6 Qe4 21. Qxe4 fxe4 22. Rfd1 Rf5 23. Rac1 a5 24. g4 Rg5 25. Kf1 Bf8 26. Ke2 h5 27. Rd2 hxg4 28. hxg4 a4 29. Rcd1 axb3 30. axb3 Rxg4 31. Rxd5 Ra2+ 32. R1d2 Rxd2+ 33. Kxd2 Rg6 34. Ne5 Rg5 35. Kc3 Rf5 36. Kc4 Rxf2 37. Ng4 Rc2+ 38. Kb5 Rb2 39. Ka4 Ra2+ 40. Kb5 Rb2 41. Kc4 Rc2+ 42. Kb5 1/2-1/2

[Event "CAN-ch op 49th"]
[Site "Victoria"]
[Date "2012.07.11"]
[Round "7"]
[White "Li, Kevin"]
[Black "Plotkin, Victor"]
[Result "1-0"]
[WhiteElo "2097"]
[BlackElo "2249"]
[PlyCount "109"]
[EventDate "2012.07.08"]
[EventType "swiss"]
[EventRounds "9"]
[EventCountry "CAN"]
[SourceTitle "EXT 2014"]
[Source "ChessBase"]
[SourceDate "2013.11.20"]
[SourceVersion "1"]
[SourceVersionDate "2013.11.20"]
[SourceQuality "1"]

1. e4 e5 2. Nf3 Nf6 3. Nc3 Bb4 4. Bc4 d6 5. 0-0 Bg4 6. h3 Bh5 7. Be2 Nc6 8. d3 h6 9. Nd5 0-0 10. Nxb4 Nxb4 11. Nh4 Bxe2 12. Qxe2 Nc6 13. Nf5 Ne7 14. Qf3 Nxf5 15. exf5 d5 16. Qg3 Qd6 17. Bd2 Rfe8 18. Rae1 Kh8 19. Qh4 Nh7 20. Kh1 f6 21. f4 e4 22. d4 Qa6 23. Rg1 Qxa2 24. Bc1 Qa4 25. c3 Re7 26. g4 Qd7 27. Re3 a5 28. Qg3 b6 29. Re2 Rae8 30. Be3 Qb5 31. Reg2 Qd7 32. h4 Rc8 33. Qh3 Rf7 34. Rf1 Rff8 35. Kh2 c5 36. g5 c4 37. gxh6 gxh6 38. Rg6 Rg8 39. Rfg1 Qf7 40. Qg4 Rxg6 41. fxg6 f5 42. Qh5 Qf6 43. Qxh6 Rc7 44. Qh5 Rg7 45. Rg5 b5 46. gxh7 Qf7 47. Rxf5 Qxh5 48. Rxh5 Rd7 49. f5 Rxh7 50. Rxh7+ Kxh7 51. Kg3 b4 52. cxb4 axb4 53. Kf4 b3 54. Bd2 Kg7 55. h5 1-0

[Event "CAN-ch op 49th"]
[Site "Victoria"]
[Date "2012.07.09"]
[Round "3"]
[White "Lane, Travis"]
[Black "Li, Kevin"]
[Result "1/2-1/2"]
[WhiteElo "2158"]
[BlackElo "2097"]
[PlyCount "66"]
[EventDate "2012.07.08"]
[EventType "swiss"]
[EventRounds "9"]
[EventCountry "CAN"]
[SourceTitle "EXT 2014"]
[Source "ChessBase"]
[SourceDate "2013.11.20"]
[SourceVersion "1"]
[SourceVersionDate "2013.11.20"]
[SourceQuality "1"]

1. e4 c5 2. Nf3 d6 3. d4 cxd4 4. Nxd4 Nf6 5. Nc3 Nc6 6. Bc4 Qb6 7. Nb3 e6 8. Be3 Qc7 9. Bd3 a6 10. f4 b5 11. Qf3 Bb7 12. 0-0-0 Be7 13. g4 Nb4 14. g5 Nd7 15. Kb1 Nxd3 16. cxd3 Nc5 17. Nxc5 dxc5 18. f5 Bd6 19. fxe6 fxe6 20. Qg4 Qd7 21. g6 0-0-0 22. Rhf1 hxg6 23. Qxg6 Rhf8 24. d4 cxd4 25. Rxf8 Rxf8 26. Bxd4 Qf7 27. Qxg7 Bxh2 28. Qxf7 Rxf7 29. Bb6 Bc7 30. Bxc7 Rxc7 31. a3 Rc4 32. Re1 e5 33. Kc2 Rd4 1/2-1/2